000 00538nam a2200217 a 4500
999 _c3966
_d3966
001 3966
003 BD-JhCC
005 20171120095536.0
008 171120s19501969e |||| ||a| 000 0 ben d
035 _a(BD-JhCC)3966
040 _aBD-JhCC
_dBD-JhCC
041 _aeng
082 _a820.9
_bRUS 1969
100 _aRussell, Bertrand
245 _aUnpopular Essays /
_cBertrand Russell,
260 _aLondon :
_bUnwins Books,
_c1969
300 _a159 p . :
_c18 cm.
650 _aEnglish Literature
942 _2ddc
_cBK